01439nam a2200325 a 4500001001000000003000500010005001700015008004100032010001100073011001100084040000900095090001000104100002800114245018000142260004100322500006000363502009400423590004000517590004000557590004000597650005600637650003200693856007000725901000700795942001000802942000600812999001900818952013600837952014000973000111361CHAP20220329144208.0150330s2015 mx a fsm |||||||spa d a107823 a108795 cCHAP aTesis1 aLaville, Nelson912921710aPatógenos asociados, frecuencia de aislamiento, y efecto de la inoculación secuencial en la expresión de síntomas de marchitez chileh[En línea]cpor Nelson Laville. aChapingo, Méx. :bEl autor,c2015. aPara ver el contenido del material haga clic en la liga aTesis (M. C. en Protección Vegetal) -- UACH. Departamento de Parasitología Agrícola aE5995AHEb05c20150330lUCH01h1327 aE5995AHEb05c20150330lUCH01h1327 aE5995AHEb05c20150414lUCH01h130414aChile (Botánica)xEnfermedades por hongos.92235414aMarchitez del chile.971282 aFinding aiduhttp://10.13.5.2/tesis/sist111361.pdfzTeclea aquí aBK cTESIS n0 c107823d107823 00104054718TESISaBCbBCd2015-03-30fTESISl0oTesisp33724002480322r2019-12-31 00:00:00w2019-12-31yTESISzRecien adquirido 00102local4053708TESISaBCbBCcPA_TESISd2015-03-30fTESISl0oTesisp33724002480363r2019-12-31 00:00:00tc.2w2019-12-31yTESIS